| 000 | 00729nam a22002172 4500 | ||
|---|---|---|---|
| 001 | 0000012782 | ||
| 005 | 20151217154415.0 | ||
| 008 | 090319s xx 000 0 eng d | ||
| 020 | _a0131178121 : | ||
| 040 |
_aKABU _cKABU |
||
| 100 | 1 |
_aObiakor, Festus E. _@0000169700 |
|
| 245 | 1 | 0 |
_aMulticultural special education : _bculturally responsive teaching / _cFestus E. Obiakor. |
| 250 | _a1st ed. | ||
| 260 |
_aUpper Saddle River, NJ. : _bPrentice Hall, _c2007. |
||
| 300 | _axxiv, 311 p. | ||
| 650 | 0 |
_aSpecial education _zUnited States. _@0000153730 |
|
| 650 | 0 |
_aMulticultural education _zUnited States. _@0000169701 |
|
| 852 | 1 | _9p2250 KES | |
| 908 | _a090319 | ||
| 950 | _@1 | ||
| 999 |
_c11085 _d11085 |
||